00653nas a2200229Ia 4500001001200000003001000012008004100022040002500063041001300088100001900101210001000120222001000130245002500140250001100165260000900176501012300185300001400308362001800322500004200340650003000382700001100412dd38-52533 IT-MiCISF161014c99999999xx |||||||||||| ||und|| aIT-MiCISFcIT-MiCISF aITALIANO aNovara Daniele aRocca aRocca 0aIl padre in panchina a1a ed. c2014 bCISF - Centro Internazionale Studi Famiglia - Via Giotto, 36 20145 MILANO (non commercial uses only)cCopyright 2016 app. 43-45 a n. 14 [2014] a Tema: paternità€, figli-adolescenti agenitorialità€varticolo aAA.VV.